Los grandes sistemas jurídicos contemporáneos (Derecho comparado).

Kaydedildi:
Detaylı Bibliyografya
Yazar: David, René (autor)
Materyal Türü: Kitap
Baskı/Yayın Bilgisi: Madrid, España: Aguilar, 1968.
Seri Bilgileri:Biblioteca Jurídica Aguilar
Konular:
Etiketler: Etiketle
Etiket eklenmemiş, İlk siz ekleyin!

MARC

LEADER 00000nam a2200000 a 4500
001 UCS5006
003 CL-VaPUC
005 20220822114537.0
008 220704t1968 ||||| |||| 00| 0 eng d
999 |c 436616  |d 436614 
040 |c Pontificia Universidad Católica de Valparaíso 
082 0 4 |a 340.2 DAV 1968  |2 21 
100 0 |a David, René  |e autor  |9 387396 
245 1 4 |a Los grandes sistemas jurídicos contemporáneos (Derecho comparado). 
260 |a Madrid, España:  |b Aguilar,   |c 1968. 
300 |a 466 páginas.  
490 |a Biblioteca Jurídica Aguilar 
500 |a c.1 Donación Familia Prof. Alejandro Guzmán Brito. 
583 |a last modification  |c 20170808 04:00:43  |k Cristina María Rojas Aguilar 
650 0 |a Derecho comparado  |9 255664 
650 0 |a Jurisprudencia  |9 255952 
650 0 |a Estructura de los derechos   |9 872068 
650 0 |a Fuentes del derecho  |9 255162 
942 |c BK  |2 ddc  |n 0 
952 |0 0  |1 0  |2 ddc  |4 0  |6 340_200000000000000_DAV_1968  |7 0  |8 C_AGB  |9 584294  |a BIBDER  |b BIBDER  |d 2022-07-04  |e Donación   |i 5652428  |o 340.2 DAV 1968  |p 5652428  |r 2023-01-25  |t 1  |w 2022-07-04  |y BK_US  |k AGB